|
|
|
|
| LEADER |
00000nmm0a2200000 4500 |
| 001 |
69552 |
| 005 |
20231031075911.0 |
| 010 |
|
|
|a 5941573154
|
| 035 |
|
|
|a (RuTPU)RU\TPU\book\74051
|
| 090 |
|
|
|a 69552
|
| 100 |
|
|
|a 20041027d2003 m y0rusy50 ca
|
| 101 |
1 |
|
|a rus
|c eng
|
| 102 |
|
|
|a RU
|
| 105 |
|
|
|a a j 001zy
|
| 200 |
1 |
|
|a TCP/IP
|e учебный курс: пер. с англ.
|f Л. А. Чеппел, Э. Титтел
|
| 210 |
|
|
|a СПб.
|c БХВ-Петербург
|d 2003
|
| 215 |
|
|
|a 953 с.
|c ил.
|e Приложение: CD-ROM
|
| 320 |
|
|
|a Глоссарий: с. 811-914
|
| 320 |
|
|
|a Предметный указатель: с. 915-953
|
| 610 |
1 |
|
|a компьютерные сети
|
| 610 |
1 |
|
|a функционирование
|
| 610 |
1 |
|
|a установка
|
| 610 |
1 |
|
|a использование
|
| 610 |
1 |
|
|a управление
|
| 610 |
1 |
|
|a учебные пособия
|
| 610 |
1 |
|
|a CD-ROM
|
| 610 |
1 |
|
|a TCP/IP
|
| 675 |
|
|
|a 681.324.06(07)
|v 3
|
| 700 |
|
1 |
|a Чеппел
|b Л. А.
|g Лора А.
|
| 701 |
|
1 |
|a Титтел
|b Э.
|g Эд
|
| 801 |
|
1 |
|a RU
|b 63413507
|c 20041027
|g PSBO
|
| 801 |
|
2 |
|a RU
|b 63413507
|c 20150414
|g PSBO
|
| 900 |
|
|
|a Современные телекоммуникационные системы
|
| 900 |
|
|
|a Информационные сети
|
| 942 |
|
|
|c MX
|